Jan Compagnie in war and peace, 1602-1799 : a short history of the Dutch East-India Company /

Bibliographic Details
Main Author: Boxer, C. R. (Charles Ralph), 1904-2000
Format: Book
Language:English
Dutch
Published: Hong Kong : Heinemann Asia, 1979.
Series:Asian studies series.
Subjects:

MARC

Tag First Indicator Second Indicator Subfields
LEADER 00000cam a2200000 a 4500
001 in00000656821
005 20151015073736.0
008 801020s1979 hk a b 00110 engm
010 |a  80128988  
035 |a (OCoLC)06915066 
035 |9 ACX2130AM 
040 |a DLC  |c DLC  |d m.c.  |d OCL  |d TXA  |d UtOrBLW 
041 1 |a eng  |a dut 
043 |a e-ne--- 
049 |a TXAM  |c [951466] 
050 0 0 |a HF483.E6  |b B6813 
082 0 |a 382/.06/0492  |2 19 
100 1 |a Boxer, C. R.  |q (Charles Ralph),  |d 1904-2000. 
240 1 0 |a Jam Compagnie in oorlog en vrede. English 
245 1 0 |a Jan Compagnie in war and peace, 1602-1799 :  |b a short history of the Dutch East-India Company /  |c C.R. Boxer. 
264 1 |a Hong Kong :  |b Heinemann Asia,  |c 1979. 
300 |a 115 pages :  |b illustrations, maps (some color) ;  |c 25 cm. 
336 |a text  |b txt  |2 rdacontent 
337 |a unmediated  |b n  |2 rdamedia 
338 |a volume  |b nc  |2 rdacarrier 
490 1 |a Asian studies series 
500 |a Map on lining papers. 
500 |a Translation of: Jam Compagnie in oorlog en vrede. 
500 |a Includes index. 
504 |a Bibliography; pages 108-109. 
610 2 0 |a Nederlandsche Oost-Indische Compagnie  |x History. 
830 0 |a Asian studies series. 
999 |a MARS 
999 f f |s 1ade0a3c-0992-3e57-9d1c-230a8580a2f9  |i 13f037c0-d235-35f8-a72c-b147adcceda9  |t 0 
952 f f |p ric  |a Texas A&M University  |b Rellis Campus  |c Joint Library Facility  |d Remote Storage  |t 0  |e HF483.E6 B6813  |h Library of Congress classification  |i unmediated -- volume  |m A14802762192 
998 f f |a HF483.E6 B6813  |t 0  |l Remote Storage